000
00329nam a2200121Ia 4500
008
240624s9999 xx 000 0 und d
041
_a
eng
082
_a
332.6 LOW
100
_a
LOWE JANET
245
_a
DAMN RIGHT BEHIND THE SCENES WITH BERKSH
260
_c
2000
_a
New York
_b
John Wiley and Sons
300
_a
x, : 294 : p. : cm. ; 22
999
_c
9526
_d
9526